Songs About Metal !!! - Statistics

General Stats
  • This quiz has been taken 20 times
  • The average score is 7 of 15
Answer Stats
Hint Answer % Correct
Brass In Pocket. 1979 Pretenders
100%
Goldfinger. 1964 Shirley Bassey
67%
Gold. 1983 Spandau Ballet
67%
Fields Of Gold. 1993 Sting
67%
Iron Lion Zion. 1992 Bob Marley
56%
Silver Dream Machine. 1980 David Essex
56%
Band Of Gold. 1970 Freda Payne
56%
Metal Guru. 1972 T.Rex
56%
Silver Lady. 1977 David Soul
44%
Titanium. 2011 David Guetta
33%
Silver Machine. 1972 Hawkwind
33%
Wheels Of Steel. 1980 Saxon
33%
Strong As Steel. 1987 Five Star
22%
Silver Star. 1976 Four Seasons
11%
The Golden Lady. 1979 Three Degrees
11%
No matching quizzes found
Score Distribution
Percent of People with Each Score
Percentile by Number Answered
Your Score History
You have not taken this quiz